01447nam a2200181 4500008001200000020001800012082001700030100002700047245002600074260004900100300003700149505068300186600010800869700004100977999001501018952011601033952011601149709.2 B447p a9789968899383 a709.2bB447p aBelli, Patricia 95649 aEquilibrio y Colapso  aSan José, Costa Rica bTEOR/éTica c2018 a185 p.bil (col) c22 x 16,5 cm  tPresentación rTEOR/éTica tPresentación rFundación Ortiz Gurdián tPatricia Belli y la alquimia política del cuerpo rMiguel A. López tRewind and fast-forward. El activismo cultural de Patricia Belli rRaúl Quintanilla Armijo tHechizo en Managua rTamara Díaz-BringastLas acrobacias de Patricia Belli rVirginia Pérez-Ratton tNo enseñar, aprender: los experimentos educativos de Espira. Entrevista con Patricia Belli rMiguel A. López tNarrativa de Patricia Belli tEl hechizo (1995)tCicatrices (1997)tEspejos (1998)tDecálogo (2002)tLínea del tiempo tBiografía tBibliografía tLista de obras tAutores tAgradecimientos tCréditos  xarte contemporáneo xarte - Nicaraguaxarte - críticaxPatricia Belli xarte - instalación 97031 aLópez, Miguel A. (edición)97032 c1782d1782 00102ddc4070aLVbLVcMonografíasd2019-05-11l0o709.2 B447pp004796r2019-05-11 00:00:00w2019-05-11y01 00102ddc4070aLVbLVcMonografíasd2019-05-11l0o709.2 B447pp004769r2019-05-11 00:00:00w2019-05-11y01